[Event "WchT Seniors 50"]
[Site "Radebeul"]
[Date "2016.07.03"]
[Round "8.15"]
[White "Schulz, Michael"]
[Black "Dijkstra, Matthijs"]
[Result "1-0"]
[WhiteElo "2127"]
[BlackElo "2034"]
[PlyCount "57"]
[EventDate "2016.06.26"]
[EventType "team-swiss"]
[EventRounds "9"]
[EventCountry "GER"]
[SourceTitle "CBM 173 Extra"]
[Source "ChessBase"]
[SourceDate "2016.08.29"]
[SourceVersion "1"]
[SourceVersionDate "2016.08.29"]
[SourceQuality "1"]
[WhiteTeam "Potsdam Empor"]
[BlackTeam "Oranje II"]
[WhiteTeamCountry "GER"]
[BlackTeamCountry "NED"]

1. d4 f5 2. g4 d6 3. g5 e5 4. c3 Be7 5. dxe5 dxe5 6. Qxd8+ Bxd8 7. Bg2 Ne7 8. Na3 0-0 9. f4 Nbc6 10. h4 e4 11. e3 Rb8 12. Bf1 a6 13. Bc4+ Kh8 14. b4 b5 15. Bb3 a5 16. Bb2 axb4 17. cxb4 Nxb4 18. 0-0-0 c5 19. h5 c4 20. h6 Re8 21. hxg7+ Kg8 22. Nxc4 Be6 23. Nd6 Bxb3 24. axb3 Bb6 25. Nxe8 Bxe3+ 26. Kb1 Rxe8 27. Ne2 Nd3 28. Rh3 Bxf4 29. Rhxd3 1-0

[Event "WchT Seniors 50"]
[Site "Radebeul"]
[Date "2016.06.28"]
[Round "3.4"]
[White "Lie, Terje"]
[Black "Dijkstra, Matthijs"]
[Result "0-1"]
[WhiteElo "1589"]
[BlackElo "2034"]
[PlyCount "84"]
[EventDate "2016.06.26"]
[EventType "team-swiss"]
[EventRounds "9"]
[EventCountry "GER"]
[SourceTitle "CBM 173 Extra"]
[Source "ChessBase"]
[SourceDate "2016.08.29"]
[SourceVersion "1"]
[SourceVersionDate "2016.08.29"]
[SourceQuality "1"]
[WhiteTeam "Norway Mix"]
[BlackTeam "Oranje II"]
[WhiteTeamCountry "NOR"]
[BlackTeamCountry "NED"]

1. d4 f5 2. c4 Nf6 3. Nc3 d6 4. Nf3 g6 5. g3 Bg7 6. Bg2 0-0 7. 0-0 Qe8 8. b3 c6 9. Bb2 Nbd7 10. Qc2 e5 11. dxe5 Nxe5 12. Nxe5 dxe5 13. e3 Be6 14. Rad1 Nh5 15. Ne2 Qf7 16. f4 e4 17. Rd6 Rfe8 18. Rfd1 Qc7 19. Bxg7 Nxg7 20. Qc3 Bd5 21. R6xd5 cxd5 22. Rxd5 Ne6 23. Bf1 Rad8 24. Rd2 Rxd2 25. Qxd2 Rd8 26. Qb2 Qd6 27. Qf6 Nxf4 28. Qxd6 Nxe2+ 29. Kf2 Rxd6 30. Kxe2 Ra6 31. a4 Rb6 32. h3 Rxb3 33. g4 Rb2+ 34. Kd1 Kg7 35. gxf5 gxf5 36. c5 Kf6 37. a5 Rb1+ 38. Ke2 Rc1 39. a6 bxa6 40. Kf2 a5 41. h4 Rxc5 42. Kg3 a4 0-1